15 Largest Cities in Ethiopia🇪🇹 - Statistics

General Stats
  • This quiz has been taken 22 times
  • The average score is 6 of 15
Answer Stats
Population City % Correct
2.7 mil Addis Ababa
100%
252k Dire Dawa
81%
215k Mek'ele
69%
153k Gondar
56%
168k Bahir Dar
50%
90k Harar
50%
133k Hawassa
44%
128k Jimma
44%
136k Dese
25%
213k Nazret
25%
104k Bishoftu
13%
75k Hosa'ina
13%
93k Kombolcha
13%
85k Shashemene
13%
86k Sodo
13%
No matching quizzes found
Score Distribution
Percent of People with Each Score
Percentile by Number Answered
Your Score History
You have not taken this quiz